Zohľadnenie priestorových efektov v ekonometrickom modelovaní diplomová práca

Enregistré dans:
Détails bibliographiques
Auteur principal: Mikloš, Marcel
Collectivité auteur: Fakulta hospodárskej informatiky EU. Katedra operačného výskumu a ekonometrie
Autres auteurs: Chocholatá, Michaela, 1977-
Format: Livre
Langue:slovaque
Publié: Bratislava 2017
Tags: Ajouter un tag
Pas de tags, Soyez le premier à ajouter un tag!

MARC

LEADER 00000nbm a2200000 4500
001 0230893
005 20180215145511.5
041 0 |a slo 
044 |a SK 
245 1 0 |a Zohľadnenie priestorových efektov v ekonometrickom modelovaní  |b diplomová práca  |c Marcel Mikloš ; školiteľ: Michaela Chocholatá 
264 1 |a Bratislava  |c 2017 
300 |a 67 s. 
100 1 |a Mikloš, Marcel 
700 1 |a Chocholatá, Michaela, 1977- 
710 2 |a Fakulta hospodárskej informatiky EU. Katedra operačného výskumu a ekonometrie